The South African quagmire (Record no. 57977)

MARC details
000 -LEADER
fixed length control field 00572nam a2200133 a 4500
008 - FIXED-LENGTH DATA ELEMENTS--GENERAL INFORMATION
fixed length control field 120416s1987 ||||||||||||||||| || u
050 ## - LIBRARY OF CONGRESS CALL NUMBER
Classification number HF 1613.4.Z4U5 Sou
245 14 - TITLE STATEMENT
Title The South African quagmire
Statement of responsibility, etc. edited by S. Prakash Sethi
246 ## - VARYING FORM OF TITLE
Title proper/short title in search of a peaceful path to democractic pluralism
260 ## - PUBLICATION, DISTRIBUTION, ETC.
Place of publication, distribution, etc. Cambridge, Massachussetts
Name of publisher, distributor, etc. Ballinger
Date of publication, distribution, etc. 1987
300 ## - PHYSICAL DESCRIPTION
Extent xvi, 444,[37]p. : ill.
350 ## - PRICE (NR) (BK AM CF MU VM SE) [OBSOLETE]
Price 0.00
995 ## - RECOMMENDATION 995 [LOCAL, UNIMARC FRANCE]
-- 0.00
-- CBU-MAIN LIBRARY (Kitwe)
-- 1
-- 26.95
-- 1
-- AVAILABLE
-- Annex Low-Usage Collection
Holdings
Withdrawn status Lost status Source of classification or shelving scheme Damaged status Not for loan Home library Current library Shelving location Date acquired Total Checkouts Full call number Barcode Date last seen Price effective from Koha item type
          CBU-MAIN LIBRARY, KITWE. CBU-MAIN LIBRARY, KITWE.   11/30/2022   HF 1613.4.Z4U5 Sou 005858 11/30/2022 11/30/2022 MONOGRAPH